00618nam a2200181Ia 4500952013300000999001700133003000400150005001700154008004100171040000900212082002000221100003000241245005400271260004400325300000900369650001200378942004600390 00102ddc40708HISTORYaMESbMEScHISd2019-02-20g87.50l0o954.9104 CAM/Pp3152r2019-02-20 00:00:00w2019-02-20yBKzGL34R4 c18793d18793OSt20200624140111.0190216s9999||||xx |||||||||||||| ||und|| coclc a954.9104bCAM/P a Campbell, Robert D93194 0aPakistan: Emerging Democracy /cRobert D Campbell bD -van Nostrand Co,c1963.aNew Jersey: a144p aHistory cBK2ddch954.9104iCAM/Pk954.9104mCAM/P